00745 2200265 4500001002100000005001700021008004100038035002400079082001000103090002100113100001200134245009200146250001800238260003000256300003000286500002900316650002100345700002400366700002500390850001500415980001300430985000600443999001500449999001500464YOGYA-0209000003353920090227024806.0 ind  0010-020900000033539 a651.3 a651.33bMuh PlT aMUHYADI aPengetahuan administrasi perkantorancMuhyadi, Sigit Woerdiyantoro, Didi Wahyu Sudirman aEd. 1, Cet. 2 aYogyakartablibertyc1983 aVIII, 78 hlmbilusc20 cm aBibliografi : hlm. 77-78 aManajemen kantor aWurdiyantoro, Sigit aSudirman, Didi Wahyu aYOPDYOG(B) a5-9-2006 a2 a94P0048231 a95P0067021